000 00667nam a2200217 a 4500
001 69090
003 BD-RjUL
005 20211209081840.0
008 170409b1959 nyu||||| |||| 00| 0 eng d
035 _a(BD-RjUL)
040 _aBD-RjUL
_beng
_cBD-RjUL
041 _aeng
082 _223
_a913
_bHEA 1959
100 _a Heizer, Robert F.
_9204674
245 _aThe Archaeologist at work :
_ba source book in archaeological method and interpretation /
_cRobert F Heizer
260 _aNew York :
_bHarper & Row,
_c©1959.
300 _axii, 520 p. :
_bill. ;
_c24 cm.
650 _aArchaeology
_xMethodology
_9204675
650 _aArchaeology
_9204676
942 _2ddc
_cBK
999 _c69090
_d69090